แสดงรายละเอียดบรรณานุกรม
  กลับหน้าหลัก

Brief Record : Get Marc (ISO 2709) : E-mail record : QR code ปิดหน้าต่าง
LEADER 00000nam 2200000uu 4500
001    209829
003     ULIBM
008    140514s2012||||th 000 0 eng d
020    ^a9780781769150
041 0  ^aeng
060 04 ^aWX218 G118c 2012
100 1  ^aGabrielli, Andrea
245 10 ^aCivetta, Taylor, and Kirby’s manual of critical care /^cAndrea Gabrielli, A. Joseph Layon, Mihae Yu
246 30 ^aManual of critical care
250    ^a1st ed.
260    ^aPhiladelphia :^bWolters Kluwer/Lippincott Williams &Wilkins Health,^cc2012
300    ^axx, 1019 p. :^bill. ;^c28 cm.
650  4 Critical Care
650  4 Intensive Care Units
650  4 Handbooks
700 1  ^aLayon, A. Joseph,ed.
700 1  ^aYu, Mihae,ed.
999    ^aใช้งานได้ทุกระบบ
รายการนี้ยังไม่มีแท็ก
คุณยังไม่ได้ล็อกอิน คุณสามารถมีกิจกรรมร่วมกับเว็บไซต์ได้ แต่ต้องล็อกอินก่อน ::
  ล็อกอิน
ลำดับที่ ประเภท เลขเรียก สถานที่ สถานะ
1. วิทยาศาสตร์สุขภาพ
วิทยาศาสตร์สุขภาพ
WX218 G118c 2012  
  
วิทยาศาสตร์สุขภาพ On Shelf
  ขอยืม
Note:ปีงบประมาณ 2557
   [แสดง 1/1 รายการ]

รายการใกล้เคียง
    หัวเรื่อง [Critical Care]
    หัวเรื่อง [Intensive Care Units]
    หัวเรื่อง [Handbooks]

BibComment


ยังไม่เคยถูกคอมเมนท์

คอมเมนท์ทรัพยากรรายการนี้
  คอมเมนท์: Civetta Taylor a..
Bib 209829

 
 
 

 Union Library Management : ULibM
Copyright 2026. All Rights Reserved.
скачать бесплатно без регистрации порно красивый секс HD Sex Hindi sex

xxx gou

xxxx

bfxxx

xxxwww

Секса Видео

xxxx

Секса Видео

detube

geilexxx

C99 Shell

worms shell

blod xxx video
Ebony Coed Rihanna Rimes Takes A Dick In Her Young Twat priyaa indian fuck anal and pusssy hardcore indian women xxx desi hardcore fucking part 1 bengalixxxcouple